Mil y una preguntas en derecho procesal civil

Uloženo v:
Podrobná bibliografie
Hlavní autor: Cerra Ortiz, María (Autor)
Médium: Kniha
Jazyk:španělština
Vydáno: Santiago La Ley 2000
Edice:Manuales Universitarios, 28
Témata:
Tagy: Přidat tag
Žádné tagy, Buďte první, kdo vytvoří štítek k tomuto záznamu!

MARC

LEADER 00000nam a2200000 a 4500
001 UCM3150
003 CL-VaPUC
008 020628e20000000CL |||||||||||||||||spa|d
082 0 4 |a 347  |b CER  |2 21 
100 0 |a Cerra Ortiz, María  |e author  |9 469908 
245 1 0 |a Mil y una preguntas en derecho procesal civil 
300 |a 319 p 
942 |c BK 
945 |d 20020628 00:00:00  |a vberengu 
260 |a Santiago  |b La Ley  |c 2000 
650 0 |a Derecho procesal civil  |9 258071 
650 0 |a Recursos procesales  |9 255595 
583 |a last modification  |c 20020628 00:00:00  |k Rodrigo Vera 
490 0 |a Manuales Universitarios, 28 
999 |c 300645  |d 300643 
952 |0 0  |1 0  |4 0  |6 347_000000000000000_CER_2000  |7 0  |8 A  |9 358677  |a BIBDER  |b BIBDER  |d 2019-11-21  |i 3821986  |l 5  |o 347 CER 2000  |p 3821986  |r 2024-10-16  |s 2024-10-16  |w 2019-11-21  |y BK  |k DER 
952 |0 0  |1 0  |4 0  |6 347_000000000000000_CER_2000  |7 0  |8 A  |9 358678  |a BIBDER  |b BIBDER  |d 2019-11-21  |i 3825310  |o 347 CER 2000  |p 3825310  |r 2023-01-25  |w 2019-11-21  |y BK  |k DER